Динамика верхнего слоя океана: пер. с англ.

Dettagli Bibliografici
Autore principale: Филлипс О. М. Оуэн М.
Lingua:russo
Pubblicazione: Ленинград, Гидрометеоиздат, 1980
Edizione:2-е изд., испр., и доп.
Soggetti:
Natura: Libro
KOHA link:https://koha.lib.tpu.ru/cgi-bin/koha/opac-detail.pl?biblionumber=80132

MARC

LEADER 00000nam0a2200000 4500
001 80132
005 20231031094507.0
035 |a (RuTPU)RU\TPU\book\86131 
090 |a 80132 
100 |a 20050901d1980 m y0rusy50 ca 
101 0 |a rus  |c eng 
102 |a RU 
105 |a a z 001zy 
200 1 |a Динамика верхнего слоя океана  |e пер. с англ.  |f О. М. Филлипс 
205 |a 2-е изд., испр., и доп. 
210 |a Ленинград  |c Гидрометеоиздат  |d 1980 
215 |a 320 с.  |c ил. 
320 |a Библиогр.: с. 296-311 
610 1 |a океаны 
610 1 |a поверхностные волны 
610 1 |a динамика 
610 1 |a волны 
610 1 |a турбулентность 
675 |a 551.465  |v 3 
700 1 |a Филлипс  |b О. М.  |g Оуэн М. 
801 1 |a RU  |b 63413507  |c 20050901  |g PSBO 
801 2 |a RU  |b 63413507  |c 20050907  |g PSBO 
942 |c BK